000 00375nam a22001697a 4500
003 OSt
008 250506b |||||||| |||| 00| 0 eng d
020 _a9789355423771
082 _a005.3 MOR
100 _aMONK,Sinon
245 _aRaspberry PI CookBook
250 _a4th Ed
260 _aMumbai
_bSPD
_c2024
300 _a597
650 _aRaspberry PI
942 _2ddc
_cBK
999 _c13548
_d13548